Premier League Goalscorers 2024/2025: Gameweek 2 - Statistics

General Stats
  • This quiz has been taken 84 times
  • The average score is 28 of 32
Answer Stats
Fixture Club Score Goalscorer % Correct
Manchester City v Ipswich Manchester City 1-1 Erling Haaland
99%
Manchester City v Ipswich Manchester City 3-1 Erling Haaland
99%
Manchester City v Ipswich Manchester City 4-1 Erling Haaland
99%
Tottenham v Everton Tottenham 2-0 Heung-min Son
99%
Tottenham v Everton Tottenham 4-0 Heung-min Son
99%
Liverpool v Brentford Liverpool 2-0 Mohamed Salah
99%
Wolves v Chelsea Chelsea 2-1 Cole Palmer
96%
Liverpool v Brentford Liverpool 1-0 Luis Diaz
94%
Wolves v Chelsea Chelsea 3-2 Noni Madueke
94%
Wolves v Chelsea Chelsea 4-2 Noni Madueke
94%
Wolves v Chelsea Chelsea 5-2 Noni Madueke
94%
Manchester City v Ipswich Manchester City 2-1 Kevin de Bruyne
93%
Wolves v Chelsea Chelsea 1-0 Nicolas Jackson
93%
Brighton v Manchester United Brighton 1-0 Danny Welbeck
90%
Brighton v Manchester United Brighton 2-1 Joao Pedro
90%
Crystal Palace v West Ham West Ham 2-0 Jarrod Bowen
89%
Bournemouth v Newcastle Newcastle 1-1 Anthony Gordon
87%
Wolves v Chelsea Wolves 1-1 Matheus Cunha
87%
Aston Villa v Arsenal Arsenal 1-0 Leandro Trossard
86%
Southampton v Nottingham Forest Nottingham Forest 1-0 Morgan Gibbs-White
86%
Crystal Palace v West Ham West Ham 1-0 Tomas Soucek
86%
Brighton v Manchester United Manchester United 1-1 Amad Diallo
83%
Aston Villa v Arsenal Arsenal 2-0 Thomas Partey
83%
Tottenham v Everton Tottenham 1-0 Yves Bissouma
81%
Tottenham v Everton Tottenham 3-0 Cristian Romero
80%
Fulham v Leicester Fulham 1-0 Emile Smith-Rowe
79%
Wolves v Chelsea Wolves 2-2 Jorgen Strand Larsen
79%
Fulham v Leicester Fulham 2-1 Alex Iwobi
73%
Fulham v Leicester Leicester 1-1 Wout Faes
73%
Wolves v Chelsea Chelsea 6-2 Joao Felix
71%
Manchester City v Ipswich Ipswich 1-0 Sammie Szmodics
71%
Bournemouth v Newcastle Bournemouth 1-0 Marcus Tavernier
60%
No matching quizzes found
Score Distribution
Percent of People with Each Score
Percentile by Number Answered
Your Score History
You have not taken this quiz